Chronicle Socio-Economics : (Record no. 209341)

MARC details
000 -LEADER
fixed length control field 00616nam a22001937a 4500
005 - DATE AND TIME OF LATEST TRANSACTION
control field 20250430115647.0
010 ## - LCCN (DPL NO)
LC control number ENG-144747
020 ## - INTERNATIONAL STANDARD BOOK NUMBER
International Standard Book Number 9788197146916
Terms of availability 350.00
035 ## - SYSTEM CONTROL NUMBER
System control number EN-128279
037 ## - SOURCE OF ACQUISITION
Source of stock number/acquisition DBAD
082 ## - DEWEY DECIMAL CLASSIFICATION NUMBER
Classification number 331.544
245 ## - TITLE STATEMENT
Title Chronicle Socio-Economics :
Remainder of title Issues, Reforms, Challenges & Development
Statement of responsibility, etc Edited by N.N. Ojha
250 ## - EDITION STATEMENT
Edition statement 2nd
260 ## - PUBLICATION, DISTRIBUTION, ETC. (IMPRINT)
Place of publication, distribution, etc Noida
Name of publisher, distributor, etc Chronicle Publication
Date of publication, distribution, etc 2024
270 ## - ADDRESS
Address A-27D, Sector 16
City Noida
Postal code 201301
Telephone number 0120-2514610/12
Electronic mail address info@chronicleindia.in
300 ## - PHYSICAL DESCRIPTION
Extent 290p.
Dimensions 28cm(pbk)
700 ## - ADDED ENTRY--PERSONAL NAME
Personal name Ojha, N.N.
9 (RLIN) 77953
942 ## - ADDED ENTRY ELEMENTS (KOHA)
Source of classification or shelving scheme Dewey Decimal Classification
Item type English Books
Classification part 331.544
Call number suffix CHR
Holdings
Withdrawn status Lost status Not for loan Collection code Home library Current library Date acquired Source of acquisition Cost, normal purchase price Full call number Barcode Copy number Cost, replacement price Koha item type
      Non-fiction RC4 Seelam Pur RC4 Seelam Pur 30/04/2025 Delivery of Books Act Division 350.00 331.544 CHR EN-128279 1 350.00 English Books

© Delhi Public Library
Hit Counter
free hit counter